Statistics for UFC PPV Main Event Winners

Click here to take the quiz!

General Stats

  • This quiz has been taken 900 times
    (798 since last reset)
  • The average score is 163 of 237

Answer Stats

PPVWeight ClassAnswerDefeated% Correct
235Light HeavyweightJon JonesAnthony Smith
96%
214Light HeavyweightJon JonesDaniel Cormier
96%
159Light HeavyweightJon JonesChael Sonnen
96%
232Light HeavyweightJon JonesAlexander Gustafsson
96%
152Light HeavyweightJon JonesVitor Belfort
96%
165Light HeavyweightJon JonesAlexander Gustafsson
96%
145Light HeavyweightJon JonesRashad Evans
96%
140Light HeavyweightJon JonesLyoto Machida
96%
172Light HeavyweightJon JonesGlover Teixera
96%
135Light HeavyweightJon JonesQuinton 'Rampage' Jackson
96%
128Light HeavyweightJon JonesMauricio Rua
96%
182Light HeavyweightJon JonesDaniel Cormier
96%
197Light HeavyweightJon JonesOvince Saint Preux
96%
189FeatherweightConor McGregorChad Mendes
95%
202WelterweightConor McGregorNate Diaz
95%
205LightweightConor McGregorEddie Alvarez
95%
194FeatherweightConor McGregorJose Aldo
95%
112MiddleweightAnderson SilvaDemian Maia
90%
82MiddleweightAnderson SilvaDan Henderson
90%
183MiddleweightAnderson SilvaNick Diaz
90%
64MiddleweightAnderson SilvaRich Franklin
90%
90MiddleweightAnderson SilvaPatrick Côté
90%
117MiddleweightAnderson SilvaChael Sonnen
90%
126MiddleweightAnderson SilvaVitor Belfort
90%
134MiddleweightAnderson SilvaYushin Okami
90%
97MiddleweightAnderson SilvaThales Leites
90%
77MiddleweightAnderson SilvaRich Franklin
90%
153Light HeavyweightAnderson SilvaStephen Bonnar
90%
67MiddleweightAnderson SilvaTravis Lutter
90%
148MiddleweightAnderson SilvaChael Sonnen
90%
73MiddleweightAnderson SilvaNate Marquardt
90%
226HeavyweightDaniel CormierStipe Miocic
90%
210Light HeavyweightDaniel CormierAnthony Johnson
90%
192Light HeavyweightDaniel CormierAlexander Gustafsson
90%
230HeavyweightDaniel CormierDerrick Lewis
90%
187Light HeavyweightDaniel CormierAnthony Johnson
90%
85Catchweight (174)Thiago SilvaMatt Hughes
90%
229LightweightKhabib NurmagomedovConor Mcgregor
88%
223LightweightKhabib NurmagomevdovAl Iaquinta
88%
196WelterweightNate DiazConor Mcgregor
88%
137WelterweightNick DiazB.J. Penn
88%
220HeavyweightStipe MiocicFrancis Ngannou
85%
211HeavyweightStipe MiocicJunior Dos Santos
85%
198HeavyweightStipe MiocicFabricio Werdum
85%
203HeavyweightStipe MiocicAlistair Overeem
85%
234MiddleweightIsrael AdesanyaAnderson Silva
84%
163FeatherweightJose AldoChang Sung Jung
83%
156FeatherweightJose AldoFrankie Edgar
83%
179FeatherweightJose AldoChad Mendes
83%
142FeatherweightJose AldoChad Mendes
83%
157Women's BantamweightRonda RouseyLiz Carmouche
82%
190Women's BantamweightRonda RouseyBethe Correia
82%
184Women's BantamweightRonda RouseyCat Zingano
82%
170Women's BantamweightRonda RouseySara McMann
82%
100HeavyweightBrock LesnarFrank Mir
81%
91HeavyweightBrock LesnarRandy Couture
81%
116HeavyweightBrock LesnarShane Carwin
81%
167WelterweightGeorges St-PierreJohny Hendricks
81%
158WelterweightGeorges St-PierreNick Diaz
81%
154WelterweightGeorges St-PierreCarlos Condit
81%
83WelterweightGeorges St-PierreMatt Serra
81%
79WelterweightGeorges St-PierreMatt Hughes
81%
129WelterweightGeorges St-PierreJake Shields
81%
124WelterweightGeorges St-PierreJosh Koscheck
81%
94WelterweightGeorges St-PierreB.J. Penn
81%
111WelterweightGeorges St-PierreDan Hardy
81%
65WelterweightGeorges St-PierreMatt Hughes
81%
87WelterweightGeorges St-PierreJon Fitch
81%
217MiddleweightGeorges St-PierreMichael Bisping
81%
199MiddleweightMichael BispingLuke Rockhold
81%
120MiddleweightMichael BispingYoshihiro Akiyama
81%
89MiddleweightMichael BispingChris Leben
81%
204MiddleweightMichael BispingDan Henderson
81%
207Women's BantamweightAmanda NunesRonda Rousey
80%
224Women's BantamweightAmanda NunesRaquel Pennington
80%
215Women's BantamweightAmanda NunesValentina Shevchenko
80%
200Women's BantamweightAmanda NunesMiesha Tate
80%
186FlyweightDemetrious JohnsonKyoji Horiguchi
80%
178FlyweightDemetrious JohnsonChris Cariaso
80%
174FlyweightDemetrious JohnsonAli Bagautinov
80%
191FlyweightDemetrious JohnsonJohn Dodson
80%
212FeatherweightMax HollowayJose Aldo
80%
231FeatherweightMax HollowayBrian Ortega
80%
218FeatherweightMax HollowayJose Aldo
80%
206FeatherweightMax HollowayAnthony Pettis
80%
19MiddleweightTito OrtizGuy Mezger
77%
25MiddleweightTito OrtizWanderlei Silva
77%
33Light HeavyweightTito OrtizVladimir Matyushenko
77%
32Light HeavyweightTito OrtizElvis Sinosic
77%
30MiddleweightTito OrtizEvan Tanner
77%
40Light HeavyweightTito OrtizKen Shamrock
77%
50Light HeavyweightTito OrtizPatrick Côté
77%
29MiddleweightTito OrtizYuki Kondo
77%
51Light HeavyweightTito OrtizVitor Belfort
77%
193Women's BantamweightHolly HolmRonda Rousey
76%
173BantamweightTJ DillashawRenan Barao
76%
227BantamweightTJ DillashawCody Garbrandt
76%
177BantamweightTJ DillashawJoe Soto
76%
107LightweightB.J. PennDiego Sanchez
74%
84LightweightB.J. PennSean Sherk
74%
127WelterweightB.J. PennJon Fitch
74%
80LightweightB.J. PennJoe Stevenson
74%
101LightweightB.J. PennKenny Florian
74%
201WelterweightTyron WoodleyRobbie Lawler
74%
228WelterweightTyron WoodleyDarren Till
74%
209WelterweightTyron WoodleyStephen Thompson
74%
37.5Light HeavyweightChuck LiddellVitor Belfort
72%
57Light HeavyweightChuck LiddellRandy Couture
72%
66Light HeavyweightChuck LiddellTito Ortiz
72%
62Light HeavyweightChuck LiddellRenato Sobral
72%
52Light HeavyweightChuck LiddellRandy Couture
72%
54Light HeavyweightChuck LiddellJeremy Horn
72%
47Light HeavyweightChuck LiddellTito Ortiz
72%
34HeavyweightRandy CouturePedro Rizzo
72%
31HeavyweightRandy CouturePedro Rizzo
72%
28HeavyweightRandy CoutureKevin Randleman
72%
JapanHeavyweightRandy CoutureMaurice Smith
72%
49Light HeavyweightRandy CoutureVitor Belfort
72%
109Light HeavyweightRandy CoutureMark Coleman
72%
105Light HeavyweightRandy CoutureBrandon Vera
72%
74HeavyweightRandy CoutureGabriel Gonzaga
72%
68HeavyweightRandy CoutureTim Sylvia
72%
44Light HeavyweightRandy CoutureTito Ortiz
72%
43Light HeavyweightRandy CoutureChuck Liddell
72%
166HeavyweightCain VelasquezJunior Dos Santos
70%
110HeavyweightCain VelasquezAntônio Rodrigo Nogueira
70%
121HeavyweightCain VelasquezBrock Lesnar
70%
160HeavyweightCain VelasquezAntonio Silva
70%
155HeavyweightCain VelasquezJunior Dos Santos
70%
144LightweightBenson HendersonFrankie Edgar
69%
150LightweightBenson HendersonFrankie Edgar
69%
139Light HeavyweightDan HendersonMauricio Rua
69%
93Light HeavyweightDan HendersonRich Franklin
69%
181WelterweightRobbie LawlerJohny Hendricks
69%
195WelterweightRobbie LawlerCarlos Condit
69%
168MiddleweightChris WeidmanAnderson Silva
68%
162MiddleweightChris WeidmanAnderson Silva
68%
175MiddleweightChris WeidmanLyoto Machida
68%
119HeavyweightFrank MirMirko Filipović
68%
98Light HeavyweightLyoto MachidaRashad Evans
68%
104Light HeavyweightLyoto MachidaMauricio Rua
68%
113Light HeavyweightMauricio RuaLyoto Machida
68%
213MiddleweightRobert WhittakerYoel Romero
68%
225MiddleweightRobert WhittakerYoel Romero
68%
96Light HeavyweightQuinton 'Rampage' JacksonKeith Jardine
67%
71Light HeavyweightQuinton 'Rampage' JacksonChuck Liddell
67%
130Light HeavyweightQuinton 'Rampage' JacksonMatt Hamill
67%
123Light HeavyweightQuinton 'Rampage' JacksonLyoto Machida
67%
75Light HeavyweightQuinton 'Rampage' JacksonDan Henderson
67%
216LightweightTony FergusonKevin Lee
67%
164LightweightAnthony PettisBenson Henderson
65%
132BantamweightDominick CruzUrijah Faber
65%
16MiddleweightFrank ShamrockIgor Zinoviev
65%
17MiddleweightFrank ShamrockJeremy Horn
65%
22MiddleweightFrank ShamrockTito Ortiz
65%
BrazilMiddleweightFrank ShamrockJohn Lober
65%
48HeavyweightKen ShamrockKimo Leopoldo
65%
8N/AKen ShamrockKimo Leopoldo
65%
7N/AKen ShamrockOleg Taktarov (Draw)
65%
6N/AKen ShamrockDan Severn
65%
63WelterweightMatt HughesB.J. Penn
65%
42WelterweightMatt HughesSean Sherk
65%
45WelterweightMatt HughesFrank Trigg
65%
60Catchweight (175)Matt HughesRoyce Gracie
65%
38WelterweightMatt HughesCarlos Newton
65%
1N/ARoyce GracieGerard Gordeau
65%
4N/ARoyce GracieDan Severn
65%
5N/ARoyce GracieKen Shamrock (Draw)
65%
2N/ARoyce GraciePatrick Smith
65%
118LightweightFrankie EdgarB.J. Penn
63%
136LightweightFrankie EdgarGray Maynard
63%
125LightweightFrankie EdgarGray Maynard
63%
46Light HeavyweightVitor BelfortRandy Couture
63%
103Catchweight (195)Vitor BelfortRich Franklin
63%
221MiddleweightYoel RomeroLuke Rockhold
63%
161Light HeavyweightRashad EvansDan Henderson
62%
78Light HeavyweightRashad EvansMichael Bisping
62%
88Light HeavyweightRashad EvansChuck Liddell
62%
92Light HeavyweightRashad EvansForrest Griffin
62%
108Light HeavyweightRashad EvansThiago Silva
62%
114Light HeavyweightRashad EvansQuinton 'Rampage' Jackson
62%
133Light HeavyweightRashad EvansTito Ortiz
62%
131HeavyweightJunior Dos SantosShane Carwin
59%
146HeavyweightJunior Dos SantosFrank Mir
59%
141HeavyweightAlistair OvereemBrock Lesnar
58%
10N/AMark ColemanDon Frye
58%
11N/AMark Coleman(Won by default)
58%
69WelterweightMatt SerraGeorges St-Pierre
57%
180HeavyweightFabricio WerdumMark Hunt
55%
188HeavyweightFabricio WerdumCain Velasquez
55%
106Light HeavyweightForrest GriffinTito Ortiz
53%
86Light HeavyweightForrest GriffinQuinton 'Rampage' Jackson
53%
185LightweightRafael Dos AnjosAnthony Pettis
53%
56MiddleweightRich FranklinNate Quarry
52%
72MiddleweightRich FranklinYushin Okami
52%
115Light HeavyweightRich FranklinChuck Liddell
52%
99Catchweight (195)Rich FranklinWanderlei Silva
52%
147Catchweight (190)Rich FranklinWanderlei Silva
52%
58MiddleweightRich FranklinDavid Loiseau
52%
171WelterweightJohny HendricksRobbie Lawler
51%
222Women's FeatherweightCris CyborgYana Kunitskaya
50%
219Women's FeatherweightCris CyborgHolly Holm
50%
14HeavyweightMaurice SmithMark Coleman
50%
15HeavyweightMaurice SmithTank Abbott
50%
21HeavyweightMaurice SmithMarco Ruas
50%
55HeavyweightAndrei ArlovskiPaul Buentello
48%
53HeavyweightAndrei ArlovskiJustin Eilers
48%
149BantamweightRenan BaraoUrijah Faber
47%
169BantamweightRenan BaraoUrijah Faber
47%
61HeavyweightTim SylviaAndrei Arlovski
47%
59HeavyweightTim SylviaAndrei Arlovski
47%
41HeavyweightTim SylviaRicco Rodriguez
47%
143WelterweightCarlos ConditNick Diaz
46%
UUN/ADan SevernOleg Taktarov
46%
9N/ADan SevernKen Shamrock
46%
26HeavyweightKevin RandlemanPedro Rizzo
41%
23HeavyweightKevin RandlemanPete Williams
41%
UU 2N/ADon FryeTank Abbott
39%
208Women's FeatherweightGermaine de RandamieHolly Holm
31%
39HeavyweightRicco RodriguezRandy Couture
29%
81HeavyweightAntônio Rodrigo NogueiraTim Sylvia
28%
102HeavyweightAntônio Rodrigo NogueiraRandy Couture
28%
70HeavyweightGabriel GonzagaMirko Filipović
27%
35LightweightJens PulverB.J. Penn
27%
27HeavyweightPedro RizzoDan Severn
26%
95LightweightDiego SanchezJoe Stevenson
24%
122MiddleweightYushin OkamiNate Marquardt
24%
20HeavyweightBas RuttenKevin Randleman
23%
36HeavyweightJosh BarnettRandy Couture
18%
76Light HeavyweightKeith JardineChuck Liddell
18%
13LightweightGuy MezgerTito Ortiz
16%
24HeavyweightTedd WilliamsSteve Judson
16%
37MiddleweightMurilo BustamanteMatt Lindland
12%
18LightweightPat MiletichJorge Patino
12%
138MiddleweightMark MunozChris Leben
8%
3N/ASteve JennumHarold Howard
6%
12LightweightJerry BohlanderNick Sanzo
4%

Score Distribution

Percentile by Number Answered

Percent of People with Each Score

Your Score History

You have not taken this quiz since the last reset